| 000 | 00394nam a2200133Ia 4500 | ||
|---|---|---|---|
| 008 | 220216s9999 xx 000 0 und d | ||
| 100 | _aShershnev V A | ||
| 245 | 0 | _aVulcanization of polydiene and other hydrocarbon elastomers (1982 reviews) | |
| 260 |
_bRubber Chemistry and Technology _c1982 |
||
| 300 | _a537-574 | ||
| 650 | _a1982 reviews | ||
| 650 | _aHydrocarbon elastomers | ||
| 942 | _cJS | ||
| 999 |
_c72260 _d72260 |
||